<?xml version="1.0" encoding="UTF-8"?>
<record
    xmlns:xsi="http://www.w3.org/2001/XMLSchema-instance"
    xsi:schemaLocation="http://www.loc.gov/MARC21/slim http://www.loc.gov/standards/marcxml/schema/MARC21slim.xsd"
    xmlns="http://www.loc.gov/MARC21/slim">

  <leader>00478nam a22001217a 4500</leader>
  <datafield tag="040" ind1=" " ind2=" ">
    <subfield code="c">RUA</subfield>
  </datafield>
  <datafield tag="082" ind1=" " ind2=" ">
    <subfield code="a">AVM KHA 2025 B705 Or.1</subfield>
  </datafield>
  <datafield tag="100" ind1=" " ind2=" ">
    <subfield code="a">KHAM DYVONGCHIWIN, &#x1781;&#x17B6;&#x17C6; &#x178C;&#x17B8;&#x179C;&#x1784;&#x17D2;&#x179F;&#x1787;&#x17B8;&#x179C;&#x17B8;&#x1793;</subfield>
  </datafield>
  <datafield tag="245" ind1=" " ind2=" ">
    <subfield code="a">Case of castration in canine at siem reap province, &#x1780;&#x179A;&#x178E;&#x17B8;&#x179C;&#x17C7;&#x1780;&#x17B6;&#x178F;&#x17CB;&#x1780;&#x17D2;&#x179A;&#x17C0;&#x179C;&#x179F;&#x17BB;&#x1793;&#x1781;&#x1788;&#x17D2;&#x1798;&#x17C4;&#x179B;&#x1780;&#x17D2;&#x1793;&#x17BB;&#x1784; &#x1781;&#x17C1;&#x178F;&#x17D2;&#x178F;&#x179F;&#x17C0;&#x1798;&#x179A;&#x17B6;&#x1794;</subfield>
  </datafield>
  <datafield tag="260" ind1=" " ind2=" ">
    <subfield code="a">PHNOM PENH</subfield>
    <subfield code="b">RUA</subfield>
    <subfield code="c">2025</subfield>
  </datafield>
  <datafield tag="300" ind1=" " ind2=" ">
    <subfield code="a">ix,38p.</subfield>
    <subfield code="b">ill.</subfield>
    <subfield code="c">29cm.</subfield>
  </datafield>
  <datafield tag="942" ind1=" " ind2=" ">
    <subfield code="c">AVM</subfield>
  </datafield>
  <datafield tag="999" ind1=" " ind2=" ">
    <subfield code="c">25800</subfield>
    <subfield code="d">25800</subfield>
  </datafield>
  <datafield tag="952" ind1=" " ind2=" ">
    <subfield code="0">0</subfield>
    <subfield code="1">0</subfield>
    <subfield code="4">0</subfield>
    <subfield code="6">AVM_KHA_2025_000000000000000_B705_OR_1</subfield>
    <subfield code="7">0</subfield>
    <subfield code="9">106474</subfield>
    <subfield code="a">LBB</subfield>
    <subfield code="b">LBB</subfield>
    <subfield code="c">B705</subfield>
    <subfield code="d">2026-05-23</subfield>
    <subfield code="o">AVM KHA 2025 B705 Or.1</subfield>
    <subfield code="p">B712950</subfield>
    <subfield code="r">2026-05-23</subfield>
    <subfield code="y">AVM</subfield>
  </datafield>
  <datafield tag="952" ind1=" " ind2=" ">
    <subfield code="0">0</subfield>
    <subfield code="1">0</subfield>
    <subfield code="4">0</subfield>
    <subfield code="6">AVM_KHA_2025_000000000000000_B705_OR_2</subfield>
    <subfield code="7">0</subfield>
    <subfield code="9">106475</subfield>
    <subfield code="a">LBB</subfield>
    <subfield code="b">LBB</subfield>
    <subfield code="c">B705</subfield>
    <subfield code="d">2026-05-23</subfield>
    <subfield code="o">AVM KHA 2025 B705 Or.2</subfield>
    <subfield code="p">B713017</subfield>
    <subfield code="r">2026-05-23</subfield>
    <subfield code="y">AVM</subfield>
  </datafield>
</record>
